000 00891 am a2200289ua 4500
999 _c820
_d820
001 009379347
003 OSt
005 20191220110221.0
008 020520r20022001enka j| 000 1|eng
015 _aGBA2Z0775
_2bnb
020 _a0007107188 (pbk.) :
039 0 _a2692
040 _aStDuBDS
_dUk
_cKH8
082 _aFIC MOR
100 1 _aMorpurgo, Michael.
_eauthor
245 1 0 _aToro! Toro! /
_cMichael Morpurgo ; illustrated by Michael Foreman.
260 _aLondon :
_bCollins,
_cc2001
_g(2002 [printing])
300 _a126 p. :
_bill. ;
_c20 cm.
336 _atext
_2rdacontent
337 _aunmediated
_2rdamedia
338 _avolume
_2rdacarrier
650 0 _aFighting bull
_zSpain
_vJuvenile fiction.
651 0 _aSpain
_xHistory
_yCivil War, 1936-1939
_vJuvenile fiction.
655 0 7 _aChildren's stories.
700 1 _aForeman, Michael,
_d1938-
_eIllustrator
942 _2ddc
_cFIC